000 00935nam a2200241 i 4500
001 102360
003 ES-MaACL
005 20251120142806.0
007 t|
008 051110s1935 sp |||| |dspa d
100 1 _aMenéndez y Pelayo, Marcelino,
_d1856-1912
_980332
245 1 0 _aEpistolario de Marcelino Menéndez y Pelayo y Rodríguez Marín (1891-1912) /
_cpublicado con algunas breves notas por este último.
260 _aMadrid :
_b[s.n.],
_c1935 (
_fC. Bermejo)
300 _a349 p., 2 facs. ;
_c21 cm.
599 _aRetr. de Menéndez y Pelayo y de Rodríguez Marín.
600 1 0 _aMenéndez y Pelayo, Marcelino,
_d1856-1912-
_xCorrespondencia
_9176606
600 1 7 _aRodríguez Marín, Francisco,
_d1855-1943-
_vCorrespondencia
_2
_9169532
655 0 _9235124
_aCartas
700 1 _aRodríguez Marín, Francisco,
_d1855-1943
_998634
852 _aES-MaACL
_jA-3443
942 _2udc
999 _c102360
_d102360